000
00295nam a2200121Ia 4500
008
220216s9999 xx 000 0 und d
100
_a
Warning J R S
245
0
_a
Power factor and vulcanisation
260
_b
IRI Transactions
_c
1951
300
_a
16-39
650
_a
Vulcanisation
942
_c
JS
999
_c
65420
_d
65420